000 00561nam a2200217Ia 4500
003 IIN
005 20240201142010.0
008 231217s9999 xx 000 0 und d
020 _cFree book
_a978-93-90020-04-1
040 _aIIN
_bEnglish
082 _a612
_bASH
100 1 _aAshalatha, P.R.
245 2 _aPractice Workbook in Anatomy & Physiology
_cP.R. Ashalatha and G. Deepa
250 _a2nd ed
260 _bJaypee
_aNew Delhi
_c2020
300 _a166p
650 1 _aAnatomy
650 1 _aPhysiology
700 1 _aDeepa. G.
942 _cBOOK
999 _c1040
_d1040